[Event "BCF-chT2 0405 (4NCL)"]
[Site "West Bromwich"]
[Date "2005.01.23"]
[Round "6.2"]
[White "Dighton, Simon"]
[Black "Gayson, Peter"]
[Result "1/2-1/2"]
[WhiteElo "2243"]
[BlackElo "2234"]
[PlyCount "46"]
[EventDate "2004.09.18"]
[EventType "team-tourn"]
[EventRounds "11"]
[EventCountry "ENG"]
[SourceTitle "EXT 2006"]
[Source "ChessBase"]
[SourceDate "2005.11.24"]
[SourceVersion "1"]
[SourceVersionDate "2005.11.24"]
[SourceQuality "1"]
[WhiteTeam "Warwicks Select"]
[BlackTeam "White Rose"]
[WhiteTeamCountry "ENG"]
[BlackTeamCountry "ENG"]

1. e4 c5 2. c3 d5 3. exd5 Qxd5 4. d4 Nc6 5. Nf3 e6 6. Bd3 Nf6 7. 0-0 Be7 8. dxc5 Bxc5 9. Bg5 Be7 10. Qe2 h6 11. Bxf6 Bxf6 12. Na3 0-0 13. Rad1 Qc5 14. Nc4 g6 15. Be4 Rb8 16. Rfe1 b5 17. Nd6 b4 18. Nxc8 Rbxc8 19. cxb4 Nxb4 20. a3 Nc2 21. Bxc2 Qxc2 22. Rd2 Qc5 23. b4 Qc7 1/2-1/2

[Event "BCF-chT2 0405 (4NCL)"]
[Site "West Bromwich"]
[Date "2004.09.18"]
[Round "1.3"]
[White "Dighton, Simon"]
[Black "Kafka, Graeme"]
[Result "1-0"]
[WhiteElo "2243"]
[BlackElo "2143"]
[PlyCount "59"]
[EventDate "2004.09.18"]
[EventType "team-tourn"]
[EventRounds "11"]
[EventCountry "ENG"]
[SourceTitle "EXT 2006"]
[Source "ChessBase"]
[SourceDate "2005.11.24"]
[SourceVersion "1"]
[SourceVersionDate "2005.11.24"]
[SourceQuality "1"]
[WhiteTeam "Warwicks Select"]
[BlackTeam "Mindsports"]
[WhiteTeamCountry "ENG"]
[BlackTeamCountry "ENG"]

1. e4 c5 2. c3 d5 3. exd5 Qxd5 4. d4 e6 5. Nf3 Nf6 6. Bd3 Nc6 7. 0-0 Be7 8. dxc5 Bxc5 9. Bg5 Be7 10. Qe2 h6 11. Bxf6 Bxf6 12. Na3 0-0 13. Rad1 Qc5 14. Rfe1 e5 15. Nc4 Re8 16. b4 Qe7 17. b5 Nb8 18. Nfxe5 Qc5 19. Nd7 Rxe2 20. Nxc5 Rxe1+ 21. Rxe1 Bd7 22. Be4 Bxb5 23. Bxb7 Bxc4 24. Re8+ Kh7 25. Bxa8 Na6 26. Nd7 Bxc3 27. Rc8 Bb5 28. Nf8+ Kg8 29. Be4 f5 30. Bd5+ 1-0

[Event "BCF-chT 0304 (4NCL)"]
[Site "West Bromwich"]
[Date "2004.05.01"]
[Round "7.4"]
[White "Dighton, Simon"]
[Black "Snape, Ian L"]
[Result "1-0"]
[WhiteElo "2247"]
[BlackElo "2245"]
[PlyCount "61"]
[EventDate "2003.10.18"]
[EventType "team-tourn"]
[EventRounds "11"]
[EventCountry "ENG"]
[SourceTitle "EXT 2005"]
[Source "ChessBase"]
[SourceDate "2004.11.15"]
[SourceVersion "1"]
[SourceVersionDate "2004.11.15"]
[SourceQuality "1"]
[WhiteTeam "Warwicks Select"]
[BlackTeam "The ADS"]
[WhiteTeamCountry "ENG"]
[BlackTeamCountry "ENG"]

1. e4 c5 2. c3 e6 3. d4 d5 4. exd5 exd5 5. Nf3 Nc6 6. Bb5 Bd6 7. dxc5 Bxc5 8. 0-0 Nge7 9. Bg5 0-0 10. Nbd2 Qb6 11. Qa4 f6 12. Bh4 a6 13. Bxc6 bxc6 14. Nb3 Bd6 15. Bg3 Nf5 16. Bxd6 Nxd6 17. Qd4 Qb5 18. Rfe1 Bf5 19. Qf4 Qb8 20. Nfd4 Bd7 21. Re7 Rf7 22. Rae1 Ne4 23. Qxb8+ Rxb8 24. Rxf7 Kxf7 25. f3 Nd6 26. Nc5 Be8 27. b3 a5 28. Kf2 g6 29. Nde6 Nb7 30. Nxb7 Rxb7 31. Nd8+ 1-0

[Event "BCF-chT2 0203 (4NCL)"]
[Site "West Bromwich"]
[Date "2002.11.23"]
[Round "1.4"]
[White "Dighton, Simon"]
[Black "Howell, Chris I"]
[Result "1-0"]
[WhiteElo "2235"]
[BlackElo "2152"]
[PlyCount "47"]
[EventDate "2002.11.??"]
[EventType "team-tourn"]
[EventRounds "11"]
[EventCountry "ENG"]
[SourceTitle "EXT 2004"]
[Source "ChessBase"]
[SourceDate "2003.11.25"]
[SourceVersion "1"]
[SourceVersionDate "2003.11.25"]
[SourceQuality "1"]
[WhiteTeam "Warwicks Select"]
[BlackTeam "The ADS II"]
[WhiteTeamCountry "ENG"]
[BlackTeamCountry "ENG"]

1. e4 c5 2. c3 Nf6 3. e5 Nd5 4. d4 cxd4 5. Nf3 Nc6 6. Bc4 e6 7. cxd4 d6 8. exd6 Bxd6 9. 0-0 0-0 10. Nc3 Nxc3 11. bxc3 Qa5 12. Bd3 Qxc3 13. Rb1 f5 14. Rb3 Qa5 15. Qe2 Qc7 16. Bd2 e5 17. dxe5 Bxe5 18. Nxe5 Qxe5 19. Bc4+ Kh8 20. Re3 Qc7 21. Rh3 h6 22. Bxh6 gxh6 23. Rxh6+ Kg7 24. Qh5 1-0

[Event "BCF-chT3 0102 (4NCL)"]
[Site "Birmingham"]
[Date "2002.05.05"]
[Round "10.4"]
[White "Thompson, Ian D"]
[Black "Dighton, Simon"]
[Result "1/2-1/2"]
[WhiteElo "2240"]
[BlackElo "2236"]
[PlyCount "51"]
[EventDate "2001.09.??"]
[EventType "team-tourn"]
[EventRounds "11"]
[EventCountry "ENG"]
[SourceTitle "EXT 2003"]
[Source "ChessBase"]
[SourceDate "2002.11.25"]
[SourceVersion "1"]
[SourceVersionDate "2002.11.25"]
[SourceQuality "1"]
[WhiteTeam "Guildford II"]
[BlackTeam "Warwicks Select II"]
[WhiteTeamCountry "ENG"]
[BlackTeamCountry "ENG"]

1. c4 Nf6 2. Nc3 e6 3. e4 d5 4. e5 Nfd7 5. cxd5 Nxe5 6. d4 Ng6 7. dxe6 Bxe6 8. d5 Bf5 9. Nf3 Bc5 10. Be2 0-0 11. 0-0 c6 12. Nd4 Bxd4 13. Qxd4 cxd5 14. Qxd5 Qxd5 15. Nxd5 Nc6 16. Be3 Rad8 17. Rfd1 Rd7 18. Rd2 Rfd8 19. Rad1 Be6 20. Bg5 Re8 21. Nc3 Rxd2 22. Rxd2 f6 23. Be3 Nge5 24. b3 b6 25. h3 Rd8 26. Rxd8+ 1/2-1/2

[Event "BCF-chT3 0102 (4NCL)"]
[Site "Birmingham"]
[Date "2001.11.24"]
[Round "3.1"]
[White "Dighton, Simon"]
[Black "Edwards, David M"]
[Result "1-0"]
[WhiteElo "2236"]
[BlackElo "2189"]
[PlyCount "81"]
[EventDate "2001.09.??"]
[EventType "team-tourn"]
[EventRounds "11"]
[EventCountry "ENG"]
[SourceTitle "EXT 2003"]
[Source "ChessBase"]
[SourceDate "2002.11.25"]
[SourceVersion "1"]
[SourceVersionDate "2002.11.25"]
[SourceQuality "1"]
[WhiteTeam "Warwicks Select II"]
[BlackTeam "South County Stars"]
[WhiteTeamCountry "ENG"]
[BlackTeamCountry "ENG"]

1. e4 d5 2. exd5 Nf6 3. c4 c6 4. Nc3 cxd5 5. d4 Nc6 6. Nf3 e6 7. a3 dxc4 8. Bxc4 Be7 9. 0-0 0-0 10. Re1 a6 11. Qd3 b5 12. Bb3 Bb7 13. Bg5 b4 14. Na4 a5 15. Qb5 Rb8 16. Rad1 Ba8 17. Qd3 Nd5 18. h4 Bxg5 19. Nxg5 g6 20. Nc5 Nce7 21. h5 Nf5 22. Ngxe6 fxe6 23. Nxe6 Qd6 24. hxg6 hxg6 25. Re5 Rf6 26. Ng5 Kg7 27. Ne4 Qd8 28. Nxf6 Nxf6 29. d5 Ng4 30. Rxf5 gxf5 31. Qxf5 Qh4 32. Rd4 Qh2+ 33. Kf1 Qh1+ 34. Ke2 Re8+ 35. Re4 Rxe4+ 36. Qxe4 Nh2 37. Qe7+ Kh6 38. Qh4+ Kg7 39. Qg5+ Kf8 40. Qf6+ Ke8 41. Ba4+ 1-0

[Event "BCF-chT3 0102 (4NCL)"]
[Site "Birmingham"]
[Date "2001.09.22"]
[Round "1.4"]
[White "Borg, Andrew"]
[Black "Dighton, Simon"]
[Result "1/2-1/2"]
[WhiteElo "2131"]
[BlackElo "2236"]
[PlyCount "37"]
[EventDate "2001.09.??"]
[EventType "team-tourn"]
[EventRounds "11"]
[EventCountry "ENG"]
[SourceTitle "EXT 2003"]
[Source "ChessBase"]
[SourceDate "2002.11.25"]
[SourceVersion "1"]
[SourceVersionDate "2002.11.25"]
[SourceQuality "1"]
[WhiteTeam "SW Dragons II"]
[BlackTeam "Warwicks Select II"]
[WhiteTeamCountry "ENG"]
[BlackTeamCountry "ENG"]

1. d4 Nf6 2. c4 e6 3. Nf3 d5 4. Nc3 Bb4 5. cxd5 exd5 6. Bg5 h6 7. Bh4 c5 8. e3 Nc6 9. Bb5 g5 10. Bg3 Ne4 11. Rc1 0-0 12. 0-0 Bg4 13. Be2 Bxc3 14. bxc3 Qa5 15. c4 dxc4 16. Bxc4 cxd4 17. exd4 Rad8 18. d5 Nc3 19. Qb3 1/2-1/2

[Event "BCF-chT3d 0001 (4NCL) Demotion pool"]
[Site "Birmingham"]
[Date "2001.05.07"]
[Round "11.1"]
[White "White, Mark"]
[Black "Dighton, Simon"]
[Result "0-1"]
[WhiteElo "2142"]
[BlackElo "2230"]
[PlyCount "56"]
[EventDate "2000.11.26"]
[EventType "team-tourn"]
[EventRounds "4"]
[EventCountry "ENG"]
[SourceTitle "EXT 2002"]
[Source "ChessBase"]
[SourceDate "2001.11.25"]
[SourceVersion "1"]
[SourceVersionDate "2001.11.25"]
[SourceQuality "1"]
[WhiteTeam "White Rose II"]
[BlackTeam "Warwicks Select"]
[WhiteTeamCountry "ENG"]
[BlackTeamCountry "ENG"]

1. e4 e6 2. d4 d5 3. e5 c5 4. c3 Nc6 5. Nf3 Bd7 6. a3 f6 7. Bd3 cxd4 8. cxd4 fxe5 9. dxe5 g6 10. 0-0 Bg7 11. Re1 Nge7 12. Nc3 0-0 13. Bg5 Qc7 14. Bxe7 Nxe7 15. Qe2 Rxf3 16. gxf3 Rf8 17. Nb5 Bxb5 18. Bxb5 Nf5 19. Rac1 Qe7 20. Qd2 Bh6 21. Qc3 Nh4 22. Re3 Bxe3 23. Qxe3 Nxf3+ 24. Kg2 Qh4 25. h3 d4 26. Qxf3 Rxf3 27. Kxf3 Qh5+ 28. Kg2 Qg5+ 0-1

[Event "BCF-chT3a 0001 (4NCL)"]
[Site "Birmingham"]
[Date "2001.01.28"]
[Round "6.1"]
[White "Parker, Robert"]
[Black "Dighton, Simon"]
[Result "1/2-1/2"]
[WhiteElo "2119"]
[BlackElo "2230"]
[PlyCount "59"]
[EventDate "2000.11.26"]
[EventType "team-tourn"]
[EventRounds "7"]
[EventCountry "ENG"]
[SourceTitle "EXT 2002"]
[Source "ChessBase"]
[SourceDate "2001.11.25"]
[SourceVersion "1"]
[SourceVersionDate "2001.11.25"]
[SourceQuality "1"]
[WhiteTeam "Mindsports"]
[BlackTeam "Warwicks Select"]
[WhiteTeamCountry "ENG"]
[BlackTeamCountry "ENG"]

1. d4 Nf6 2. Nf3 d5 3. g3 e6 4. Bg2 Be7 5. 0-0 0-0 6. Nbd2 c5 7. c3 Nc6 8. e3 Qc7 9. Re1 b6 10. a3 a5 11. Qc2 Bb7 12. c4 cxd4 13. exd4 Rac8 14. b3 Rfd8 15. Bb2 a4 16. b4 dxc4 17. Qxc4 Qb8 18. Qe2 Nd5 19. Ne4 h6 20. Rac1 Nf6 21. Ned2 Na7 22. Ne5 Rxc1 23. Rxc1 Bxg2 24. Kxg2 Qb7+ 25. Qf3 Qxf3+ 26. Kxf3 Rc8 27. Ndc4 Nd5 28. Nd7 Bd8 29. Nde5 f6 30. Nd3 1/2-1/2

[Event "BCF-chT2 9900 (4NCL)"]
[Site "Birmingham"]
[Date "2000.04.30"]
[Round "10.4"]
[White "Dighton, Simon"]
[Black "Upton, Ian J"]
[Result "1/2-1/2"]
[WhiteElo "2230"]
[BlackElo "2238"]
[PlyCount "114"]
[EventDate "1999.10.??"]
[EventType "team-tourn"]
[EventRounds "11"]
[EventCountry "ENG"]
[SourceTitle "EXT 2001"]
[Source "ChessBase"]
[SourceDate "2000.11.22"]
[SourceVersion "1"]
[SourceVersionDate "2000.11.22"]
[SourceQuality "1"]
[WhiteTeam "BIG II"]
[BlackTeam "Wessex"]
[WhiteTeamCountry "ENG"]
[BlackTeamCountry "ENG"]

1. e4 e6 2. d4 d5 3. Nd2 c5 4. exd5 Qxd5 5. Ngf3 cxd4 6. Bc4 Qd6 7. 0-0 Nf6 8. Nb3 Nc6 9. Nbxd4 Nxd4 10. Qxd4 Qxd4 11. Nxd4 Bd7 12. Be2 0-0-0 13. Bf4 Nd5 14. Bg3 Bc5 15. Rfd1 g5 16. Bf3 Nf4 17. Bxf4 gxf4 18. Ne2 Kc7 19. Nxf4 f5 20. Re1 Rhe8 21. Nd3 Bf8 22. Ne5 Bc8 23. Bh5 Re7 24. Rad1 Rxd1 25. Rxd1 Bg7 26. f4 b6 27. Kf2 Bb7 28. Bf3 Bc8 29. Ke3 a5 30. g3 Re8 31. Rd3 Bf8 32. Bc6 Bc5+ 33. Kf3 Re7 34. Kg2 Ba6 35. Rd2 Bd6 36. Bf3 Bb5 37. Be2 Be8 38. Bf3 Bb5 39. a3 Be8 40. Nd3 Bb5 41. c4 Ba6 42. Rc2 Kd8 43. b4 Rc7 44. c5 Bxd3 45. Rd2 bxc5 46. Rxd3 Ke7 47. b5 c4 48. Rc3 e5 49. b6 Rc5 50. fxe5 Bxe5 51. b7 Kd7 52. Be2 Kc7 53. Rxc4 Rxc4 54. Bxc4 f4 55. Bd5 fxg3 56. hxg3 h6 57. a4 Kb8 1/2-1/2

[Event "BCF-chT2 9900 (4NCL)"]
[Site "Birmingham"]
[Date "2000.03.26"]
[Round "8.3"]
[White "Taylor, Robert"]
[Black "Dighton, Simon"]
[Result "0-1"]
[WhiteElo "2116"]
[BlackElo "2230"]
[PlyCount "74"]
[EventDate "1999.10.??"]
[EventType "team-tourn"]
[EventRounds "11"]
[EventCountry "ENG"]
[SourceTitle "EXT 2001"]
[Source "ChessBase"]
[SourceDate "2000.11.22"]
[SourceVersion "1"]
[SourceVersionDate "2000.11.22"]
[SourceQuality "1"]
[WhiteTeam "Numerica 3CS"]
[BlackTeam "BIG II"]
[WhiteTeamCountry "ENG"]
[BlackTeamCountry "ENG"]

1. e4 e6 2. d4 d5 3. Nc3 Bb4 4. exd5 exd5 5. Bd3 Ne7 6. Nge2 Nbc6 7. a3 Bxc3+ 8. bxc3 Bf5 9. Rb1 b6 10. Ng3 Bxd3 11. cxd3 0-0 12. 0-0 Qd7 13. Qh5 Na5 14. Re1 Rfe8 15. f4 g6 16. Qg5 Nf5 17. Re5 Nxg3 18. hxg3 Qc6 19. Bd2 f6 20. Rxe8+ Rxe8 21. Qg4 f5 22. Qf3 Qd7 23. Kf2 c6 24. Be3 Qd6 25. Rb4 Qe6 26. Rb2 Nb7 27. a4 Nd6 28. Rb1 Nf7 29. Rh1 Kg7 30. g4 fxg4 31. Qg3 h5 32. Re1 Qf6 33. Kg1 Nd6 34. f5 Nxf5 35. Qc7+ Re7 36. Qd8 Rxe3 37. Qd7+ Qe7 0-1

[Event "BCF-chT2 9899 (4NCL)"]
[Site "England"]
[Date "1999.01.24"]
[Round "6.2"]
[White "Dighton, Simon"]
[Black "McMichael, Richard"]
[Result "1/2-1/2"]
[WhiteElo "2235"]
[BlackElo "2255"]
[PlyCount "101"]
[EventDate "1998.10.??"]
[EventType "team-tourn"]
[EventRounds "11"]
[EventCountry "ENG"]
[SourceTitle "EXT 2000"]
[Source "ChessBase"]
[SourceDate "1999.11.16"]
[SourceVersion "1"]
[SourceVersionDate "1999.11.16"]
[SourceQuality "1"]
[WhiteTeam "BIG II"]
[BlackTeam "Kings Head"]
[WhiteTeamCountry "ENG"]
[BlackTeamCountry "ENG"]

1. e4 e6 2. d4 d5 3. Nd2 dxe4 4. Nxe4 Bd7 5. Nf3 Bc6 6. Bd3 Nd7 7. 0-0 Ngf6 8. Nxf6+ Nxf6 9. c3 Be7 10. Ne5 Qd5 11. Nxc6 Qxc6 12. Qe2 0-0-0 13. Bf4 Bd6 14. Bxd6 Qxd6 15. Rad1 h5 16. Rfe1 Ng4 17. g3 Rh6 18. h3 Nf6 19. Qe5 Qf8 20. h4 Ng4 21. Qa5 Kb8 22. Be4 Qd6 23. Bf3 Rf6 24. Qxh5 Nh6 25. Bg2 Rf5 26. Qe2 c6 27. Bh3 Rd5 28. Bg2 Ra5 29. b4 Rf5 30. Be4 Rf6 31. b5 cxb5 32. Qxb5 Qc7 33. Rb1 b6 34. a4 Ng4 35. Qc6 Qxc6 36. Bxc6 Nxf2 37. Bg2 Kc7 38. a5 Rb8 39. axb6+ Rxb6 40. Rxb6 axb6 41. Ra1 b5 42. Rb1 Rf5 43. Rf1 Ng4 44. Rxf5 exf5 45. Bd5 f6 46. Be6 Ne3 47. Kf2 Nd1+ 48. Kf3 Nxc3 49. Bxf5 Kd6 50. Ke3 Nd5+ 51. Kd3 1/2-1/2